书目信息 |
| 题名: |
装配式建筑概论
|
|
| 作者: | 陈群 , 蔡彬清 , 林平 主编 | |
| 分册: | ||
| 出版信息: | 北京 中国建筑工业出版社 2017.06 |
|
| 页数: | 257页 | |
| 开本: | 26cm | |
| 丛书名: | ||
| 单 册: | ||
| 中图分类: | TU-43 | |
| 科图分类: | ||
| 主题词: | 建筑工程--jian zhu gong cheng--高等学校--教材 | |
| 电子资源: | ||
| ISBN: | 978-7-112-20780-0 | |
| 000 | 00997nam0 2200253 450 | |
| 001 | 012017000011 | |
| 005 | 20190305112936.86 | |
| 010 | @a978-7-112-20780-0@dCNY40.00 | |
| 100 | @a20170710d2017 em y0chiy50 ea | |
| 101 | 0 | @achi |
| 102 | @aCN@b110000 | |
| 105 | @aack z 000yy | |
| 200 | 1 | @a装配式建筑概论@Azhuang pei shi jian zhu gai lun@f陈群, 蔡彬清, 林平主编@Fchen qun, cai bin qing, lin ping zhu bian |
| 210 | @a北京@c中国建筑工业出版社@d2017.06 | |
| 215 | @a257页@c图, 肖像@d26cm | |
| 300 | @a高等学校规划教材 | |
| 330 | @a本书共分为七章, 主要内容包括概述、国外装配式建筑发展历程、我国装配式建筑发展历程、装配式建筑结构体系与技术、装配式混凝土结构建筑施工技术、装配式建筑管理、装配式建筑发展新趋势。 | |
| 606 | 0 | @a建筑工程@Ajian zhu gong cheng@x高等学校@j教材 |
| 690 | @aTU-43@v5 | |
| 701 | 0 | @a陈群@Achen qun@4主编 |
| 701 | 0 | @a蔡彬清@Acai bin qing@4主编 |
| 701 | 0 | @a林平@Alin ping@4主编 |
| 801 | 0 | @aCN@c20170916 |
| 905 | @a河南城建学院图书馆@b21353381-82@dTU-43@eC535@f2 | |
| 装配式建筑概论/陈群, 蔡彬清, 林平主编.-北京:中国建筑工业出版社,2017.06 |
| 257页:图, 肖像;26cm |
| 高等学校规划教材 |
| ISBN 978-7-112-20780-0:CNY40.00 |
| 本书共分为七章, 主要内容包括概述、国外装配式建筑发展历程、我国装配式建筑发展历程、装配式建筑结构体系与技术、装配式混凝土结构建筑施工技术、装配式建筑管理、装配式建筑发展新趋势。 |
| ● |
| 相关链接 |
|
|
|
正题名:装配式建筑概论
索取号:TU-43/C535
 
预约/预借
| 序号 | 登录号 | 条形码 | 馆藏地/架位号 | 状态 | 备注 |
| 1 | 1304781 | 213047816 | 建筑库101/101建筑库 11排1列4层/ [索取号:TU-43/C535] | 在馆 | |
| 2 | 1353381 | 213533817 | 建筑库101/101建筑库 11排1列4层/ [索取号:TU-43/C535] | 在馆 | |
| 3 | 1353382 | 213533826 | 建筑库101/101建筑库 11排1列4层/ [索取号:TU-43/C535] | 在馆 |